000 00479nam a2200205Ia 4500
005 20250425160834.0
008 250425s9999 xx 000 0 und d
020 _a0070081336
041 _aeng
082 _a621.381
100 _aBROPHY, JAMES J.
245 0 _aBASIC ELECTRONICS FOR SCIENTISTS
250 _a4TH ED.
260 _aEstados Unidos
_bMCGRAW-HILL
_c1983
260 _aNEW YORK
300 _a454
650 _aELECTRONICA
942 _c01
010 _a6549
999 _c197236
_d197236